000
00281nam a22001217a 4500
003
SGT
082
_a
004.21,SEN
100
_a
SENN,JAMES A
245
_a
ANALYEIS AND DESIGN OF INFORMATION SYSTEMS
260
_b
TATA MCGRAW HILL PUB.
_c
2009
300
_a
850
942
_2
ddc
_c
GF BOOKS
999
_c
34426
_d
34426